Statistics for All Free Roblox Faces

Click here to take the quiz!

General Stats

  • This quiz has been taken 97 times
  • The average score is 5 of 10

Answer Stats

Face% Correct
Smile
84%
Women Face
70%
Man Face
67%
Chill
61%
Winning Smile
55%
Check It
49%
Silly Fun
39%
Classic Male - Face
24%
Classic Female - Face
22%
Knights of Redcliff: Paladin - Face
21%

Score Distribution

Percentile by Number Answered

Percent of People with Each Score

Your Score History

You have not taken this quiz